| 000 | 00739nam a2200241 4500 | ||
|---|---|---|---|
| 003 | OSt | ||
| 005 | 20240614063746.0 | ||
| 006 | a | ||
| 008 | 240614b |||||||| |||| 00| 0 eng d | ||
| 020 | _a9780415808101 | ||
| 040 |
_aDWCL-Main lib. _cOC |
||
| 082 |
_2Second edition _aCirc. 370.1909 A648e 2012 |
||
| 100 | _aApple, Michael W. | ||
| 245 | _aEducation and power / | ||
| 250 | _aSecond edition | ||
| 260 |
_aNew York : _bRoutledge, _cc2012. |
||
| 300 |
_b206 p. ; _c24 cm. |
||
| 504 | _aIncludes bibliographical references & index. | ||
| 650 | _a1. Educational sociology–United States. | ||
| 650 | _a2. Education and state–United States. | ||
| 700 | _aMichael W. Apple | ||
| 942 |
_2ddc _n0 _cBK-CIRC _eSecond edition _kCirc. |
||
| 999 |
_c712 _d712 |
||